000 00308nam a22001337a 4500
008 181017b xxu||||| |||| 00| 0 eng d
020 _a9780397547036
041 _aeng
080 _23 ed
_a615
100 _a5
101 _aFAR
245 _aClinical And Nursing Mnagement
_cLipkin.N
942 _2udc
_cBK
999 _c49984
_d49984